000
00229nam a2200109Ia 4500
008
190216s9999||||xx |||||||||||||| ||und||
100
_a
Gupta L N
245
0
_a
Cost Accounts
260
_b
Null
_c
1978
300
_a
371p
942
_c
BK
999
_c
4114
_d
4114